000 00717nam a2200253Ia 4500
003 GCL
008 140319s9999 xx 000 0 ara d
040 _aGCL /
_cGCL
082 0 4 _a332.4044
_bا ل
100 1 _aالبير , روبرتس
245 1 0 _aلعبة النقود الدولية /
_cالبير , روبرتس
700 1 _aعماد عبدالرؤوف
260 _a[S.N] :
_bمكتبة مدبولى
300 _a480 ص
490 _a
650 0 4 _aالاقتصاد
650 0 4 _aالنظام النقدى
650 0 4 _aالتضخم المالى
650 0 4 _aالبنوك
650 0 4 _aالمقايضة
650 0 4 _aالذهب
650 0 4 _aالنقود الدولية
942 _2ddc
_cBK
999 _c35365
_d35365